Pays frontalier du Brésil - Statistiques

Statistiques générales
  • Ce quiz a été pris 42 fois
  • Le résultat moyen est 8 sur 9
Statistiques - réponses
Pays % Correct
Argentine
98%
Colombie
95%
Paraguay
93%
Pérou
93%
Uruguay
93%
Bolivie
90%
Guyana
86%
Venezuela
86%
Suriname
79%
Aucun quiz correspondant
Distribution des résultats
% des personnes avec chaque résultat
Percentile par nombre de réponses
Votre historique - résultats
Vous n’avez pas pris ce quiz